MARC details
| 000 -LEADER |
| fixed length control field |
01323cam a2200337 a 4500 |
| 001 - CONTROL NUMBER |
| control field |
12868838 |
| 003 - CONTROL NUMBER IDENTIFIER |
| control field |
OSt |
| 005 - DATE AND TIME OF LATEST TRANSACTION |
| control field |
20230606151521.0 |
| 008 - FIXED-LENGTH DATA ELEMENTS--GENERAL INFORMATION |
| fixed length control field |
020507s2000 za b 000 0 eng |
| 010 ## - LIBRARY OF CONGRESS CONTROL NUMBER |
| LC control number |
2001314142 |
| 020 ## - INTERNATIONAL STANDARD BOOK NUMBER |
| International Standard Book Number |
0797421432 |
| 035 ## - SYSTEM CONTROL NUMBER |
| System control number |
(DLC) 2001314142 |
| 040 ## - CATALOGING SOURCE |
| Original cataloging agency |
DLC |
| Transcribing agency |
DLC |
| Modifying agency |
DLC |
| 042 ## - AUTHENTICATION CODE |
| Authentication code |
lcode |
| 043 ## - GEOGRAPHIC AREA CODE |
| Geographic area code |
fe----- |
| 050 00 - LIBRARY OF CONGRESS CALL NUMBER |
| Classification number |
PN1990.6.A35 |
| Item number |
U56 2000 |
| 082 00 - DEWEY DECIMAL CLASSIFICATION NUMBER |
| Classification number |
384.54/09676 |
| Item number |
WAN |
| 245 00 - TITLE STATEMENT |
| Title |
Up in the air : |
| Remainder of title |
the state of broadcasting in eastern Africa / |
| Statement of responsibility, etc. |
editor, Lynne Muthoni Wanyeki. |
| 246 30 - VARYING FORM OF TITLE |
| Title proper/short title |
State of broadcasting in eastern Africa |
| 260 ## - PUBLICATION, DISTRIBUTION, ETC. (IMPRINT) |
| Place of publication, distribution, etc. |
Lusaka, Zambia : |
| Name of publisher, distributor, etc. |
Panos Southern Africa ; |
| Place of publication, distribution, etc. |
Harare, Zimbabwe : |
| Name of publisher, distributor, etc. |
Weaver Press, |
| Date of publication, distribution, etc. |
c2000. |
| 300 ## - PHYSICAL DESCRIPTION |
| Extent |
140 p. ; |
| Dimensions |
21 cm. |
| 500 ## - GENERAL NOTE |
| General note |
"Analysis and trends in five countries"--Cover. |
| 504 ## - BIBLIOGRAPHY, ETC. NOTE |
| Bibliography, etc |
Includes bibliographical references. |
| 505 0# - FORMATTED CONTENTS NOTE |
| Formatted contents note |
Ethiopia / Brook Hailu -- Kenya / Rose Lukalo and Lynne Muthoni Wanyeki -- Somalia / Abdalla Musa Abdi -- Tanzania / Pudenciana Temba -- Uganda / Richard Baguma, George Lugalambi and Dorothy Zawadi. |
| 650 #0 - SUBJECT ADDED ENTRY--TOPICAL TERM |
| Topical term or geographic name as entry element |
Broadcasting |
| Geographic subdivision |
Africa, Eastern. |
| 700 1# - ADDED ENTRY--PERSONAL NAME |
| Personal name |
Wanyeki, Lynne Muthoni, |
| Dates associated with a name |
1972- |
| 710 2# - ADDED ENTRY--CORPORATE NAME |
| Corporate name or jurisdiction name as entry element |
Panos Southern Africa. |
| 906 ## - LOCAL DATA ELEMENT F, LDF (RLIN) |
| a |
7 |
| b |
cbc |
| c |
origode |
| d |
3 |
| e |
ncip |
| f |
20 |
| g |
y-gencatlg |
| 942 ## - ADDED ENTRY ELEMENTS (KOHA) |
| Source of classification or shelving scheme |
Dewey Decimal Classification |
| Koha item type |
Books |